| 000 | 00396nam a2200181 4500 | ||
|---|---|---|---|
| 001 | 3429 | ||
| 005 | 20181127171205.0 | ||
| 010 | 0 | 0 | _a |
| 020 | 0 | 0 | _a8176060550 |
| 090 | 0 | 0 | _a813.52 H5211m |
| 100 | 0 | 0 | _aHenry, O. |
| 245 | 0 | 0 |
_aMore stories / _b _cO Henry. _h |
| 250 | 0 | 0 | _a |
| 260 | 0 | 0 |
_aKolkata : _bProjapoti, _c2010. |
| 300 | 0 | 0 | _a383 p. |
| 500 | 0 | 0 | _a |
| 650 | 0 | 0 |
_aHenry, O., 1862-1910 --Fiction. _x |
| 999 |
_c2777 _d2777 |
||